000 00822nam a2200229Ia 4500
001 18925
003 GE_BSU
008 181216s||||||||xx |||||||||||||| ||und||
040 _cGE_BSU
245 _aВестник Древней истории №1 том 76 Январь- февраль- март, 2016
245 _bJournal of ancient history
245 _cГл. ред. А.И.Иванчук и др.
260 _aМосква
260 _bНаука
260 _c2016
300 _a239стр,25см
520 _aжурнал выходит четыре раза в год основан в1937г
653 _aВестник Древней истории. №1 том 76 Январь- февраль- март, 2016
653 _aПериодика
653 _aპერიოდიკა
942 _cCR
999 _c51925
_d51925